Elements of meteorology / (Record no. 75200)
[ view plain ]
| 000 -LEADER | |
|---|---|
| fixed length control field | 00752nam a2200265 4500 |
| 001 - CONTROL NUMBER | |
| control field | 75200 |
| 003 - CONTROL NUMBER IDENTIFIER | |
| rucl marc code | BD-RjUL |
| 005 - DATE AND TIME OF LATEST TRANSACTION | |
| control field | 20211209082647.0 |
| 008 - FIXED-LENGTH DATA ELEMENTS--GENERAL INFORMATION | |
| fixed length control field | 190130s1970 nyuabc b 001 0 eng |
| 020 ## - INTERNATIONAL STANDARD BOOK NUMBER | |
| International Standard Book Number | 0471544450 |
| 035 ## - SYSTEM CONTROL NUMBER | |
| System control number | (BD-RjUL)75418 |
| 040 ## - CATALOGING SOURCE | |
| Original cataloging agency | DLC |
| Transcribing agency | DLC |
| Modifying agency | DLC |
| -- | BD-RjUL |
| Language of cataloging | eng |
| 041 ## - LANGUAGE CODE | |
| Language code of text/sound track or separate title | eng |
| 082 00 - DEWEY DECIMAL CLASSIFICATION NUMBER | |
| Edition number | 23 |
| Classification number | 551.5 |
| Author mark and year | LOE 1970 |
| 100 1# - MAIN ENTRY--PERSONAL NAME | |
| Personal name | Longley, Richmond Wilberforce. |
| 9 (RLIN) | 227550 |
| 245 10 - TITLE STATEMENT | |
| Title | Elements of meteorology / |
| Statement of responsibility, etc. | [by] Richmond W. Longley. |
| 260 ## - PUBLICATION, DISTRIBUTION, ETC. (IMPRINT) | |
| Place of publication, distribution, etc. | New York : |
| Name of publisher, distributor, etc. | Wiley, |
| Date of publication, distribution, etc. | 1970. |
| 300 ## - PHYSICAL DESCRIPTION | |
| Pagination | xi, 317 p. : |
| Illustrations | illus., maps, port. |
| Size | 24 cm. |
| 504 ## - BIBLIOGRAPHY, ETC. NOTE | |
| Bibliography, etc | Bibliography: p. 305-308. |
| 650 #0 - SUBJECT ADDED ENTRY--TOPICAL TERM | |
| Topical term or geographic name as entry element | Meteorology. |
| 9 (RLIN) | 227551 |
| Topical term or geographic name as entry element | Weather. |
| 9 (RLIN) | 227552 |
| 942 ## - ADDED ENTRY ELEMENTS (KOHA) | |
| Source of classification or shelving scheme | Dewey Decimal Classification |
| Koha item type | Books |
| Lost status | Source of classification or shelving scheme | Damaged status | Not for loan | Collection code | Permanent Location | Current Location | Shelving location | Date acquired | Source of acquisition | Cost, normal purchase price | Total Checkouts | Full call number | Date last seen | Copy number | Koha item type |
|---|---|---|---|---|---|---|---|---|---|---|---|---|---|---|---|
| Dewey Decimal Classification | Not For Loan | Non-fiction | Central Library, University of Rajshahi | Central Library, University of Rajshahi | Reading Room | 11/01/1973 | Euro Bangladesh News Age | 107.55 | 551.5 LOE 1970 | 30/01/2019 | C-1 | Books |